000 00290nam a22001337a 4500
008 170911b xxu||||| |||| 00| 0 eng d
020 _a0809490250
041 _aeng
080 _a91
100 _a42
101 _aGJEO
245 _aAFRICA'S GLORIOUS LEGACY
_cFAHEY,J.M
942 _2udc
_cBK
999 _c26950
_d26950